Loading...
| Fine Arts - Other Fine Arts | 1 | 3 | 0 | 0 | 45 | 83 | 97.25 | 2 | 3 |
| Literature - World Literature | 0 | 2 | 0 | 1 | 20 | 135 | 137.50 | 0 | 0 |
| Philosophy | 0 | 2 | 0 | 0 | 20 | 105 | 111.00 | 0 | 1 |
| Fine Arts - Visual Fine Arts | 0 | 2 | 0 | 0 | 20 | 135 | 139.00 | 0 | 2 |
| Literature - European Literature | 0 | 2 | 0 | 0 | 20 | 104 | 106.00 | 1 | 2 |
| Literature - British Literature | 0 | 2 | 0 | 0 | 20 | 128 | 131.50 | 0 | 2 |
| History - American History | 1 | 0 | 0 | 0 | 15 | 49 | 49.00 | 1 | 1 |
| Science - Chemistry | 1 | 0 | 0 | 0 | 15 | 41 | 41.00 | 1 | 1 |
| Science - Other Science | 0 | 2 | 1 | 1 | 15 | 121 | 126.00 | 0 | 1 |
| Social Science | 0 | 1 | 0 | 1 | 10 | 130 | 130.00 | 0 | 0 |
| History - Other History | 0 | 1 | 0 | 0 | 10 | 98 | 98.00 | 0 | 1 |
| History - World History | 0 | 1 | 0 | 0 | 10 | 92 | 92.00 | 1 | 1 |
| Science - Biology | 0 | 2 | 2 | 0 | 10 | 67 | 69.50 | 1 | 2 |
| Science - Physics | 0 | 1 | 0 | 0 | 10 | 119 | 119.00 | 1 | 1 |
| Current Events | 0 | 1 | 0 | 0 | 10 | 125 | 125.00 | 0 | 1 |
| Literature - American Literature | 0 | 1 | 1 | 0 | 5 | 78 | 78.00 | 0 | 1 |
| Mythology | 0 | 1 | 1 | 1 | 5 | 116 | 116.00 | 1 | 1 |
| Fine Arts - Auditory Fine Arts | 0 | 1 | 1 | 0 | 5 | 135 | 135.00 | 0 | 0 |
| Religion | 0 | 1 | 2 | 0 | 0 | 126 | 126.00 | 0 | 1 |